| 000 | 00634nam a2200217Ia 4500 | ||
|---|---|---|---|
| 005 | 20241129104146.0 | ||
| 008 | 241129s9999||||xx |||||||||||||| ||und|| | ||
| 020 | _a9781032006253 | ||
| 037 | _aTextual | ||
| 040 |
_aRTL _beng _cRTL |
||
| 041 |
_aeng _2eng |
||
| 084 |
_aX:3L R1 _qRTL |
||
| 100 |
_aTsoulfidis Lefteris _9725040 |
||
| 245 | 0 |
_aCapital theory and practical economy: Prices income distribution and stability _cTsoulfidis Lefteris |
|
| 260 |
_aLondon _bRoutledge _c2021 |
||
| 300 | _axi,224p. | ||
| 365 |
_aINR _b11986.8 |
||
| 650 | _aEconomics | ||
| 942 |
_cTB _hX:3L R1 |
||
| 999 |
_c1224674 _d1224674 |
||